| 000 | 01135cab a2200205 4500 | ||
|---|---|---|---|
| 001 | L139692 | ||
| 008 | 110516n207 000 0 eng u | ||
| 035 | _a(Sirsi) u139692 | ||
| 041 | 0 | _aeng | |
| 050 | 0 | 4 | _a333.715 $2 18 |
| 110 | 1 |
_aUnited Kingdom _bDepartment for Communities and Local Government _94939 |
|
| 245 | 0 | 0 |
_aLand use change in England _bresidential development to 2006 _bupdate July 2007 _h[electronic resource] |
| 260 |
_aLondon _bDCLG _c2007 |
||
| 520 | _aUpdated estimates are that 74% of 2006's new dwellings were built on previously developed land, including conversions. This is down from 77% in 2005, the first decrease since 1997. New dwellings were built at an average density of 41 per hectare. This is a rise from the 25 dwellings per hectare in 2002, but around the same mark as the 40 averaged in 2005. | ||
| 590 | _aKA | ||
| 651 | 4 |
_aEngland _y886- |
|
| 690 | _aPROPERTY-RESIDENTIAL PROPERTY-RESIDENTIAL PROPERTY DEVELOPMENT | ||
| 856 | 4 | 0 |
_uhttps://www.communities.gov.uk/documents/planningandbuilding/pdf/Residential_Development.pdf _zView the item free of charge at www.communities.gov.uk |
| 942 | _n0 | ||
| 999 |
_c107328 _d107328 |
||